Megacities-One Minute Sprint-No Map - Statistics

General Stats
  • This quiz has been taken 31 times
    22 since last reset
  • The average score is 23 of 44
Answer Stats
Answer % Correct
London
100%
Cairo
89%
New York City
89%
Paris
89%
Tokyo
89%
Moscow
83%
Lagos
78%
Mexico City
78%
Lima
72%
Los Angeles
72%
São Paulo
72%
Shanghai
72%
Beijing
67%
Istanbul
67%
Jakarta
67%
Johannesburg
67%
Rio de Janeiro
67%
Bogota
61%
Buenos Aires
61%
Mumbai
61%
Seoul
61%
Delhi
56%
Karachi
56%
Kinshasa
56%
Manila
56%
Osaka
50%
Tehran
50%
Dhaka
44%
Guangzhou
44%
Bangkok
39%
Kolkata
39%
Lahore
39%
Chennai
33%
Hyderabad
28%
Nagoya
28%
Bengaluru
22%
Wuhan
22%
Tianjin
17%
Chengdu
11%
Hangzhou
11%
Changsha
6%
Chongqing
6%
Xiamen
0%
Xi’an
0%
No matching quizzes found
Score Distribution
Percent of People with Each Score
Percentile by Number Answered
Your Score History
You have not taken this quiz since the last reset